000 00352nam a2200133Ia 4500
008 100328s9999 xx 000 0 und d
082 _b51843
100 _aभावे पु.भा.
245 _aमाग वळून
260 _bराजश्री
630 _aमाग वळून
730 _aमाग वळून
942 _cBOOK
999 _c538747
_d538744